A guide to Old Testament theology and exegesis : (Record no. 1290)

MARC details
000 -LEADER
fixed length control field 01133pam a2200277 a 4500
001 - CONTROL NUMBER
control field 3575850
003 - CONTROL NUMBER IDENTIFIER
control field GBCCL
005 - DATE AND TIME OF LATEST TRANSACTION
control field 20241126110358.0
008 - FIXED-LENGTH DATA ELEMENTS--GENERAL INFORMATION
fixed length control field 990317s1999 miu b 000 0 eng
010 ## -
-- 99026266
020 ## - INTERNATIONAL STANDARD BOOK NUMBER
International Standard Book Number 0310231930 (pbk.)
040 ## - CATALOGING SOURCE
Original cataloging agency DLC
Transcribing agency DLC
Modifying agency DLC
050 00 -
-- BS476
-- .G85 1999
082 00 - DEWEY DECIMAL CLASSIFICATION NUMBER
Classification number 221.601
Edition information 21
Item number GUI
245 02 - TITLE STATEMENT
Title A guide to Old Testament theology and exegesis :
Remainder of title an introductory articles from the New International dictionary of Old Testament theology and exegesis /
Statement of responsibility, etc. Willem A. VanGemeren, general editor.
260 ## - PUBLICATION, DISTRIBUTION, ETC.
Place of publication, distribution, etc. Grand Rapids, Mich. :
Name of publisher, distributor, etc. Zondervan,
Date of publication, distribution, etc. c1999.
300 ## - PHYSICAL DESCRIPTION
Extent 235 p. ;
Dimensions 24 cm.
504 ## - BIBLIOGRAPHY, ETC. NOTE
Bibliography, etc. note Includes bibliographical references.
630 00 - SUBJECT ADDED ENTRY--UNIFORM TITLE
Uniform title Bible.
Name of part/section of a work Old Testament
General subdivision Hermeneutics.
9 (RLIN) 2494
630 00 - SUBJECT ADDED ENTRY--UNIFORM TITLE
Uniform title Bible.
Name of part/section of a work Old Testament
General subdivision Theology.
9 (RLIN) 2493
700 1# - ADDED ENTRY--PERSONAL NAME
Personal name VanGemeren, Willem.
9 (RLIN) 2495
856 42 - ELECTRONIC LOCATION AND ACCESS
Materials specified Publisher description
Uniform Resource Identifier <a href="http://www.loc.gov/catdir/enhancements/fy0633/99026266-d.html">http://www.loc.gov/catdir/enhancements/fy0633/99026266-d.html</a>
906 ## - LOCAL DATA ELEMENT F, LDF (RLIN)
a 7
b cbc
c orignew
d 1
e ocip
f 19
g y-gencatlg
942 ## - ADDED ENTRY ELEMENTS (KOHA)
Source of classification or shelving scheme Dewey Decimal Classification
Koha item type Books
Koha issues (borrowed), all copies 5
Holdings
Withdrawn status Lost status Source of classification or shelving scheme Damaged status Not for loan Home library Current Library Shelving location Date acquired Total checkouts Total renewals Full call number Barcode Date last seen Date last checked out Copy number Price effective from Koha item type
    Dewey Decimal Classification     GRACE BIBLE COLLEGE GRACE BIBLE COLLEGE Biblical Studies 2017-04-24 5 1 221.601 GUI 006639 2025-05-01 2022-04-07 c.1 2017-04-24 Books
© Grace Bible College Library 2025